[Event "4NCL/Div4/MIN2 vs. AD3"]
[Site "West Bromwich ENG"]
[Date "2004.05.31"]
[Round "9.5"]
[White "Hawkins, J Nick"]
[Black "Hayes, Lance"]
[Result "1-0"]
[WhiteElo "2045"]
[BlackElo "1240"]
[PlyCount "65"]
[EventDate "2004.05.31"]

1. e4 e5 2. Nf3 d6 3. d4 exd4 4. Nxd4 Nf6 5. Nc3 c5 6. Nf3 a6 7. a4 Nc6 8. Be2
Be7 9. O-O O-O 10. h3 b6 11. Re1 Bb7 12. Bf4 Qc7 13. Nd5 Nxd5 14. exd5 Ne5 15.
c4 Bf6 16. Qc2 Nxf3+ 17. Bxf3 Rad8 18. Re2 Be5 19. Bd2 a5 20. Be4 g6 21. Bh6
Rfe8 22. Rae1 Rb8 23. Kh1 Qe7 24. f4 Bd4 25. Bxg6 Qd7 26. Bxh7+ Kh8 27. Bf5
Rxe2 28. Rxe2 Qd8 29. Qe4 Ba6 30. b3 Qg8 31. Qf3 Re8 32. Qh5 Rxe2 33. Bg5+ 1-0

[Event "4NCL/Div4/MIN2 vs. AD3"]
[Site "West Bromwich ENG"]
[Date "2004.05.31"]
[Round "9.6"]
[White "Moore, Andrew"]
[Black "Gibbs, Dominic V"]
[Result "1-0"]
[WhiteElo "1272"]
[BlackElo "1864"]
[PlyCount "87"]
[EventDate "2004.05.31"]

1. d4 d6 2. c4 f5 3. Nc3 Nf6 4. Bf4 g6 5. Nf3 Bg7 6. e3 O-O 7. Bd3 e6 8. O-O
Qe7 9. Re1 h6 10. Rc1 Nc6 11. d5 Nd8 12. Bg3 e5 13. Be2 g5 14. h3 Nf7 15. b4
Nh8 16. c5 Bd7 17. b5 g4 18. hxg4 fxg4 19. Nh2 h5 20. c6 bxc6 21. bxc6 Bf5 22.
Ba6 Ng6 23. Nf1 h4 24. Bh2 Nh5 25. e4 Bc8 26. Bxc8 Raxc8 27. Qxg4 Nhf4 28. Bxf4
Nxf4 29. Rcd1 Rcd8 30. Ne3 Qf6 31. Nf5 Ng6 32. Rf1 a6 33. Rb1 Rf7 34. Rb7 Rdf8
35. Ra7 Ne7 36. Nxe7+ Qxe7 37. Rxa6 Qd8 38. Nb5 Qb8 39. a4 Rf4 40. Qe6+ Kh7 41.
Ra7 Qb6 42. Rxc7 Rxf2 43. Rxg7+ Kxg7 44. Qg4+ 1-0

[Event "4NCL/Div4/PPA2 vs. GREN"]
[Site "West Bromwich ENG"]
[Date "2004.05.31"]
[Round "9.1"]
[White "Young, Craig A"]
[Black "Richards, John E"]
[Result "1/2-1/2"]
[WhiteElo "2109"]
[BlackElo "2035"]
[PlyCount "70"]
[EventDate "2004.05.31"]

1. d4 Nf6 2. Nf3 g6 3. c4 Bg7 4. Nc3 d5 5. Bf4 O-O 6. Rc1 c5 7. dxc5 dxc4 8.
Qxd8 Rxd8 9. e4 Na6 10. Bxc4 Nxc5 11. e5 Nh5 12. Bg5 Nd3+ 13. Bxd3 Rxd3 14. h3
f6 15. exf6 exf6 16. Be3 Ng3 17. Rg1 Nf5 18. Ke2 Rd8 19. Bf4 Be6 20. b3 Re8 21.
Kf1 Rac8 22. g4 Ne7 23. Nd4 Bd7 24. Be3 a6 25. Kg2 f5 26. f3 Nc6 27. Nxc6 Rxc6
28. Bd2 fxg4 29. hxg4 Rec8 30. Nd5 Rxc1 31. Rxc1 Rxc1 32. Bxc1 Kf7 33. Kg3 Bc6
34. Nb4 Bb5 35. Nd5 Bc6 1/2-1/2

[Event "4NCL/Div4/PPA2 vs. GREN"]
[Site "West Bromwich ENG"]
[Date "2004.05.31"]
[Round "9.2"]
[White "Hardy, Roger"]
[Black "Waddington, Michael P"]
[Result "1/2-1/2"]
[WhiteElo "2022"]
[BlackElo "2156"]
[PlyCount "58"]
[EventDate "2004.05.31"]

1. e4 c5 2. Nf3 d6 3. Bb5+ Nc6 4. O-O e6 5. Re1 Bd7 6. c3 a6 7. Bxc6 bxc6 8. c4
e5 9. d3 Nf6 10. Nc3 Be7 11. h3 O-O 12. Nh2 Rb8 13. Rb1 Ne8 14. f4 f6 15. f5
Nc7 16. g4 d5 17. h4 h6 18. Nf3 Be8 19. Qe2 d4 20. Nd1 Qd6 21. Qg2 Kh8 22. Nf2
Rg8 23. g5 Bh5 24. g6 Bxf3 25. Qxf3 Rgd8 26. Kh1 Kg8 27. Rg1 Bf8 28. Qh5 Ne8
29. Rg2 Rd7 1/2-1/2

[Event "4NCL/Div4/PPA2 vs. GREN"]
[Site "West Bromwich ENG"]
[Date "2004.05.31"]
[Round "9.3"]
[White "Goodger, Martyn"]
[Black "Osborne, David"]
[Result "1-0"]
[WhiteElo "2138"]
[BlackElo "1864"]
[PlyCount "45"]
[EventDate "2004.05.31"]

1. e4 c5 2. Nf3 e6 3. c3 Nf6 4. e5 Nd5 5. d4 cxd4 6. cxd4 b6 7. Bc4 Ba6 8. Bxd5
exd5 9. Nc3 Bb4 10. Qa4 Bxc3+ 11. bxc3 O-O 12. Ba3 Qc8 13. Qc2 Re8 14. Ng5 g6
15. h4 Nc6 16. O-O-O Nd8 17. h5 Ne6 18. Nxh7 Kxh7 19. hxg6+ Kg8 20. gxf7+ Kxf7
21. Qh7+ Ng7 22. Rh3 Be2 23. Rg3 1-0

[Event "4NCL/Div4/PPA2 vs. GREN"]
[Site "West Bromwich ENG"]
[Date "2004.05.31"]
[Round "9.4"]
[White "Egginton, David C"]
[Black "Winfridsson, Håkan"]
[Result "1/2-1/2"]
[WhiteElo "1912"]
[BlackElo "2175"]
[PlyCount "85"]
[EventDate "2004.05.31"]

1. c4 Nf6 2. g3 g6 3. Bg2 d5 4. cxd5 Nxd5 5. Nc3 Nxc3 6. bxc3 Bg7 7. Nf3 O-O 8.
O-O c5 9. a4 Qc7 10. a5 Bd7 11. Qb3 Bc6 12. Bb2 Rd8 13. c4 e5 14. Bc3 Nd7 15.
Qb2 f6 16. Ne1 Nf8 17. Bxc6 Qxc6 18. Ng2 Ne6 19. Ne3 Nd4 20. d3 Rd7 21. Nd5 Rf8
22. f4 exf4 23. Rxf4 f5 24. Re1 Rdf7 25. Rf2 Qd6 26. e3 Ne6 27. Bxg7 Nxg7 28.
e4 fxe4 29. Rxf7 Rxf7 30. Rxe4 Qd8 31. Qb5 Qg5 32. Rf4 Rxf4 33. Nxf4 Qe7 34. a6
bxa6 35. Qxa6 Nf5 36. Qe6+ Kf8 37. Qc8+ Kg7 38. Ne6+ Kf6 39. Nxc5 Qe1+ 40. Kg2
Qe2+ 41. Kg1 Qe1+ 42. Kg2 Qe2+ 43. Kg1 1/2-1/2

[Event "4NCL/Div4/PPA2 vs. GREN"]
[Site "West Bromwich ENG"]
[Date "2004.05.31"]
[Round "9.5"]
[White "Winfridsson, Ola"]
[Black "Furnevall, Mark"]
[Result "1-0"]
[WhiteElo "2057"]
[BlackElo "1736"]
[PlyCount "94"]
[EventDate "2004.05.31"]

1. d4 d6 2. e4 Nf6 3. Nc3 g6 4. Nf3 c6 5. g3 Bg7 6. Bg2 O-O 7. O-O Nbd7 8. h3
e5 9. dxe5 dxe5 10. Be3 Qc7 11. Qe2 Re8 12. Rad1 Nf8 13. Bc5 N6d7 14. Bd6 Qb6
15. Na4 Qa5 16. b3 Ne6 17. Qd2 Qxd2 18. Rxd2 b6 19. Ba3 Nd4 20. Nxd4 exd4 21.
e5 Ba6 22. Rfd1 Rac8 23. f4 c5 24. c3 b5 25. Nb2 Nf8 26. b4 dxc3 27. Rd6 cxb2
28. Rxa6 b1=Q 29. Rxb1 c4 30. Bc6 Re6 31. Bxb5 Rxa6 32. Bxa6 Rc6 33. b5 Rc7 34.
Bd6 Rd7 35. Rc1 Ne6 36. Bc8 Rd8 37. Bxe6 fxe6 38. Rxc4 Bf8 39. Rc6 Bxd6 40.
exd6 Rd7 41. Kf2 Kf7 42. Rc7 Ke8 43. Rxd7 Kxd7 44. Ke3 Kxd6 45. Kd4 h6 46. h4
h5 47. a4 Kd7 1-0

[Event "4NCL/Div4/PPA2 vs. GREN"]
[Site "West Bromwich ENG"]
[Date "2004.05.31"]
[Round "9.6"]
[White "Butterworth, Paul"]
[Black "Retallick, Lloyd"]
[Result "1-0"]
[WhiteElo "1608"]
[BlackElo "1952"]
[PlyCount "127"]
[EventDate "2004.05.31"]

1. d4 d5 2. c4 e6 3. Nc3 Nf6 4. Bg5 Be7 5. e3 O-O 6. Nf3 h6 7. Bf4 c6 8. Bd3
Nbd7 9. O-O Nh5 10. Ne2 Nxf4 11. Nxf4 Bd6 12. c5 Bc7 13. Ne2 Qf6 14. Nd2 e5 15.
Nb3 e4 16. Bc2 Qh4 17. Ng3 Nf6 18. Qe1 Ng4 19. h3 Nxf2 20. Nxe4 Nxh3+ 21. gxh3
Qxh3 22. Nd6 Bg4 23. Qf2 Rad8 24. e4 dxe4 25. Bxe4 Bxd6 26. cxd6 Rxd6 27. Rae1
Qh5 28. Nc5 Bh3 29. Nxb7 Qg4+ 30. Kh2 Rf6 31. Qxf6 gxf6 32. Rg1 f5 33. Bxf5 h5
34. Bxg4 hxg4 35. Na5 f5 36. Re3 Kf7 37. Rxh3 gxh3 38. Kxh3 Ke6 39. Kg3 Rg8+
40. Kf2 Rb8 41. b3 Kd5 42. Rg5 Rf8 43. Ke3 c5 44. dxc5 Kxc5 45. Kf4 Kb4 46.
Nc6+ Ka3 47. Rg2 a6 48. Na5 Kb4 49. Nc4 a5 50. Rg3 a4 51. a3+ Kc5 52. Ne5 Kd5
53. b4 Rh8 54. Rd3+ Ke6 55. Nf3 Rh1 56. Nd4+ Kd5 57. Nxf5+ Kc4 58. Re3 Rb1 59.
Nd6+ Kd5 60. Rd3+ Kc6 61. Ke5 Re1+ 62. Ne4 Kb5 63. Kd4 Rh1 64. Nc3+ 1-0

[Event "4NCL/Div4/HKF2 vs. PONTY"]
[Site "West Bromwich ENG"]
[Date "2004.05.31"]
[Round "9.1"]
[White "Dupré, Paul D"]
[Black "Saunders, W Nigel"]
[Result "1/2-1/2"]
[WhiteElo "2048"]
[BlackElo "2104"]
[PlyCount "81"]
[EventDate "2004.05.31"]

1. d4 Nf6 2. c4 g6 3. Nc3 Bg7 4. e4 d6 5. Be2 O-O 6. Nf3 Nbd7 7. O-O e5 8. d5
h6 9. b4 a5 10. bxa5 Rxa5 11. Nd2 Nh7 12. Nb3 Ra8 13. Be3 f5 14. f3 f4 15. Bf2
g5 16. c5 Nhf6 17. a4 Qe7 18. Nb5 Nxc5 19. Nxc5 dxc5 20. d6 cxd6 21. Nxd6 Nd7
22. Nxb7 Rf6 23. Nxc5 Kh7 24. Nxd7 Qxd7 25. Qxd7 Bxd7 26. a5 Bc8 27. Bc4 Ba6
28. Bxa6 Rfxa6 29. Bb6 Bf8 30. Rfd1 Bb4 31. Rd7+ Kg6 32. Rc1 Bxa5 33. Bxa5 Rxa5
34. g3 Ra1 35. Rxa1 Rxa1+ 36. Kg2 Ra2+ 37. Kh3 Rf2 38. Rd6+ Kg7 39. Rd7+ Kf6
40. Rd6+ Kg7 41. Rd7+ 1/2-1/2

[Event "4NCL/Div4/HKF2 vs. PONTY"]
[Site "West Bromwich ENG"]
[Date "2004.05.31"]
[Round "9.2"]
[White "Gwynne, David"]
[Black "Fowler, Simon"]
[Result "0-1"]
[WhiteElo "2023"]
[BlackElo "2119"]
[PlyCount "116"]
[EventDate "2004.05.31"]

1. e4 e6 2. d4 d5 3. Nd2 Nf6 4. e5 Ne4 5. Qg4 Nxd2 6. Bxd2 c5 7. dxc5 Nd7 8.
Bb5 Qc7 9. Nf3 Qxc5 10. Bd3 h6 11. a3 Qc7 12. O-O Nxe5 13. Nxe5 Qxe5 14. Bc3
Qg5 15. Qa4+ Bd7 16. Bb5 Qd8 17. Rfe1 Bxb5 18. Qxb5+ Qd7 19. Qe2 Rg8 20. Rad1
Be7 21. Qf3 Rc8 22. Rd4 Rc6 23. Rf4 f6 24. Rd4 Kd8 25. Qd3 Re8 26. b4 Qc7 27.
Bd2 Bd6 28. c3 Bxh2+ 29. Kh1 Be5 30. Rde4 Kc8 31. R4e3 Rc4 32. g3 Qf7 33. Kg2
g5 34. Qe2 Kd7 35. Rd3 Kc8 36. Rh1 Qg7 37. Qh5 Rh8 38. Qf3 Qg6 39. Qe2 Qe4+ 40.
Qxe4 Rxe4 41. Be3 b6 42. a4 Rc4 43. Bd2 Kb7 44. Rb1 h5 45. Re1 g4 46. a5 h4 47.
Rh1 h3+ 48. Kh2 Rhc8 49. Re1 bxa5 50. bxa5 R8c6 51. Rb1+ Kc8 52. Rb3 Bc7 53.
Ra3 Ra6 54. Be3 Rxa5 55. Rb3 Ra2 56. Rd1 Bb6 57. Bxb6 axb6 58. Rf1 Kc7 0-1

[Event "4NCL/Div4/HKF2 vs. PONTY"]
[Site "West Bromwich ENG"]
[Date "2004.05.31"]
[Round "9.3"]
[White "Giles, Benjamin"]
[Black "Robinson, David"]
[Result "0-1"]
[WhiteElo "2075"]
[BlackElo "2045"]
[PlyCount "118"]
[EventDate "2004.05.31"]

1. d4 c5 2. d5 Nf6 3. c4 b5 4. cxb5 a6 5. f3 g6 6. e4 d6 7. Nc3 Bg7 8. Be3 O-O
9. Qd2 Qa5 10. Bh6 Bd7 11. Bxg7 Kxg7 12. bxa6 Nxa6 13. Bxa6 Rxa6 14. Nge2 Rb8
15. O-O Rab6 16. b3 Bb5 17. Rfd1 Be8 18. Nf4 Qb4 19. Nb1 Qb5 20. Na3 Qa6 21.
Nc4 R6b7 22. Qa5 Qxa5 23. Nxa5 Ra7 24. Nc6 Bxc6 25. dxc6 Rc8 26. Nd5 Rxc6 27.
Nxf6 Kxf6 28. Kf2 Rca6 29. a4 Rb6 30. Rd3 Rab7 31. Ra3 Rb4 32. Rc3 Ke5 33. Ke3
g5 34. g3 h6 35. f4+ Ke6 36. Kf3 f5 37. exf5+ Kxf5 38. g4+ Kf6 39. f5 h5 40. h3
hxg4+ 41. hxg4 Rf4+ 42. Kg3 Rbb4 43. Rc4 Rxb3+ 44. Rxb3 Rxc4 45. Ra3 Rb4 46. a5
Rb8 47. a6 Ra8 48. a7 e6 49. fxe6 Kxe6 50. Kf3 d5 51. Ra6+ Ke5 52. Ke3 d4+ 53.
Kd3 Kf4 54. Kc4 Kxg4 55. Kxc5 d3 56. Ra4+ Kf3 57. Kb6 d2 58. Rd4 Ke2 59. Re4+
Kd3 0-1

[Event "4NCL/Div4/HKF2 vs. PONTY"]
[Site "West Bromwich ENG"]
[Date "2004.05.31"]
[Round "9.4"]
[White "James, Dai"]
[Black "Hogarth, Mark J"]
[Result "1/2-1/2"]
[WhiteElo "2024"]
[BlackElo "1932"]
[PlyCount "41"]
[EventDate "2004.05.31"]

1. e4 c5 2. Nc3 Nc6 3. Bb5 Nd4 4. a4 a6 5. Bc4 g6 6. Nge2 Bg7 7. O-O e6 8. Nxd4
cxd4 9. Ne2 Ne7 10. d3 d5 11. exd5 Nxd5 12. Ng3 h5 13. Ne4 f5 14. Bg5 Nf6 15.
Nxf6+ Bxf6 16. Bxf6 Qxf6 17. Qe2 O-O 18. Rfe1 Re8 19. Qe5 Qxe5 20. Rxe5 b6 21.
f4 1/2-1/2

[Event "4NCL/Div4/HKF2 vs. PONTY"]
[Site "West Bromwich ENG"]
[Date "2004.05.31"]
[Round "9.5"]
[White "Bullock, Andrew"]
[Black "Davies, Peter L"]
[Result "0-1"]
[WhiteElo "1672"]
[BlackElo "2018"]
[PlyCount "84"]
[EventDate "2004.05.31"]

1. c4 g6 2. g3 Bg7 3. Bg2 e5 4. Nc3 d6 5. Nf3 Nc6 6. a3 a5 7. O-O f5 8. d3 Nf6
9. Rb1 O-O 10. b4 axb4 11. axb4 f4 12. Ng5 h6 13. Nge4 Nh7 14. Nd5 g5 15. b5
Ne7 16. Nec3 Ng6 17. b6 c6 18. Nc7 Rb8 19. Ba3 g4 20. f3 Ng5 21. Ne4 c5 22.
Nxg5 Qxg5 23. fxg4 Bxg4 24. Bc1 h5 25. Bd5+ Kh8 26. Ne6 Bxe6 27. Bxe6 Ne7 28.
Kh1 Qg6 29. Bh3 fxg3 30. Rg1 h4 31. e4 Rf2 32. Rg2 Rxg2 33. Bxg2 Rf8 34. h3 Nc6
35. Be3 Nd4 36. Ra1 Kh7 37. Ra7 Rf7 38. Ra8 Bh6 39. Bxh6 Qxh6 40. Ra1 Qg5 41.
Ra8 Rf2 42. Rc8 Rc2 0-1

[Event "4NCL/Div4/HKF2 vs. PONTY"]
[Site "West Bromwich ENG"]
[Date "2004.05.31"]
[Round "9.6"]
[White "Davies, James"]
[Black "Dale, Hannah"]
[Result "1-0"]
[WhiteElo "1160"]
[BlackElo "1328"]
[PlyCount "45"]
[EventDate "2004.05.31"]

1. d4 d5 2. e3 Nf6 3. Nf3 Bf5 4. Bd3 Bxd3 5. Qxd3 e6 6. O-O Bd6 7. a3 Nbd7 8.
b4 c6 9. Nbd2 O-O 10. Bb2 b6 11. Rfe1 c5 12. bxc5 bxc5 13. c4 Qe7 14. e4 dxe4
15. Nxe4 Nxe4 16. Rxe4 Nf6 17. Rh4 g6 18. dxc5 Bxc5 19. Qc3 Kg7 20. Ng5 e5 21.
Qxe5 Qxe5 22. Bxe5 Rfe8 23. Rxh7+ 1-0

[Event "4NCL/Div4/BCA vs. SXM"]
[Site "West Bromwich ENG"]
[Date "2004.05.31"]
[Round "9.1"]
[White "Mordue, A Tyson"]
[Black "Fryer, David"]
[Result "1-0"]
[WhiteElo "2284"]
[BlackElo "2083"]
[PlyCount "71"]
[EventDate "2004.05.31"]

1. e4 e5 2. Nf3 Nc6 3. Bb5 a6 4. Ba4 Nf6 5. O-O Be7 6. Re1 b5 7. Bb3 O-O 8. d4
exd4 9. e5 Ng4 10. h3 Nh6 11. Bxh6 gxh6 12. Bd5 Rb8 13. Nxd4 Nxd4 14. Qxd4 c5
15. Qe3 Bb7 16. c4 bxc4 17. Nc3 Qb6 18. Bxc4 Bg5 19. f4 Bh4 20. Re2 Kh8 21. Bd5
Rg8 22. Bxb7 Qxb7 23. Ne4 Be7 24. Rc1 Qd5 25. b3 Rb4 26. Rc4 Rxc4 27. bxc4 Qxc4
28. Rd2 Qc1+ 29. Kh2 c4 30. Qd4 Bh4 31. e6+ f6 32. exd7 c3 33. d8=Q cxd2 34.
Qxd2 Qf1 35. Q8d4 Kg7 36. g3 1-0

[Event "4NCL/Div4/BCA vs. SXM"]
[Site "West Bromwich ENG"]
[Date "2004.05.31"]
[Round "9.2"]
[White "Prescott, Adam"]
[Black "Ross, Chris"]
[Result "1-0"]
[WhiteElo "1712"]
[BlackElo "2133"]
[PlyCount "80"]
[EventDate "2004.05.31"]

1. e4 c5 2. Nc3 Nc6 3. g3 g6 4. Bg2 Bg7 5. d3 e6 6. Be3 d6 7. Nge2 Nge7 8. O-O
O-O 9. Qd2 Nd4 10. Nd1 Nxe2+ 11. Qxe2 Rb8 12. c3 b5 13. a3 a5 14. f4 Ba6 15.
Qd2 Qc8 16. Re1 f5 17. h3 e5 18. Nf2 b4 19. axb4 axb4 20. d4 exf4 21. Bxf4 cxd4
22. cxd4 Rb6 23. e5 dxe5 24. Bxe5 Qd8 25. Qe3 Rf7 26. Rac1 Nd5 27. Qb3 Bb7 28.
Rc5 Rd7 29. Nd3 Kh8 30. Bxg7+ Kxg7 31. Ne5 Rdd6 32. Nc4 Re6 33. Re5 Ra6 34.
Bxd5 Rxe5 35. Nxe5 Rd6 36. Bxb7 Rxd4 37. Rd5 Qb6 38. Kh2 Rxd5 39. Bxd5 Qf2+ 40.
Bg2 f4 1-0

[Event "4NCL/Div4/BCA vs. SXM"]
[Site "West Bromwich ENG"]
[Date "2004.05.31"]
[Round "9.3"]
[White "Chambers, Colin"]
[Black "Barraclough, David"]
[Result "1/2-1/2"]
[WhiteElo "1856"]
[BlackElo "1720"]
[PlyCount "70"]
[EventDate "2004.05.31"]

1. d4 Nf6 2. Nf3 d6 3. Nbd2 g6 4. g3 Bg7 5. Bg2 O-O 6. O-O Nc6 7. b3 e5 8. dxe5
dxe5 9. e4 h6 10. Bb2 Qe7 11. c3 Be6 12. Qe2 Nd7 13. Rad1 a5 14. Nc4 Bxc4 15.
Qxc4 a4 16. Qe2 axb3 17. axb3 Qe6 18. Qc2 Nc5 19. Nd2 Rfd8 20. Bf3 Nd7 21. Ra1
Nb6 22. Rxa8 Rxa8 23. Be2 Bf8 24. Nc4 Na5 25. Ra1 Naxc4 26. Rxa8 Nxa8 27. Bxc4
Qd6 28. Bc1 Nb6 29. Be2 Kh7 30. Be3 Nd7 31. f3 Nc5 32. b4 Ne6 33. Qd3 Qxd3 34.
Bxd3 c5 35. bxc5 Nxc5 1/2-1/2

[Event "4NCL/Div4/BCA vs. SXM"]
[Site "West Bromwich ENG"]
[Date "2004.05.31"]
[Round "9.4"]
[White "Bucher, Grant"]
[Black "Armstrong, William G"]
[Result "0-1"]
[WhiteElo "1592"]
[BlackElo "1720"]
[PlyCount "106"]
[EventDate "2004.05.31"]

1. e4 c5 2. Nf3 Nc6 3. d4 cxd4 4. Nxd4 Nf6 5. Nc3 e5 6. Ndb5 d6 7. Bg5 a6 8.
Na3 b5 9. Bxf6 gxf6 10. Nd5 f5 11. Bd3 Be6 12. c3 Bg7 13. Qh5 Rb8 14. Nc2 Bxd5
15. exd5 Ne7 16. Bxf5 Kf8 17. Qf3 h5 18. a3 Rh6 19. Bh3 Rf6 20. Qd3 Ng6 21. g3
e4 22. Qxe4 Qb6 23. O-O Re8 24. Qd4 Qb7 25. Rfe1 Ne5 26. Bg2 Rf3 27. Qd1 Rd3
28. Qxh5 Rd2 29. Be4 Qb6 30. Qf5 Ng4 31. Ne3 Nxf2 32. Bc2 Rxc2 33. Nxc2 Nd1+
34. Kg2 Rxe1 35. Qf3 Qg1+ 36. Kh3 Nf2+ 37. Qxf2 Qxf2 38. Nxe1 Qxb2 39. Rd1 Bxc3
40. Ng2 Qxa3 41. Nf4 b4 42. Kg4 b3 43. h4 b2 44. Kh5 Qa1 45. Rd3 b1=Q 46. g4
Bh8 47. g5 Qd1+ 48. Rxd1 Qxd1+ 49. Kh6 Bg7+ 50. Kh7 Qb1+ 51. g6 fxg6 52. Ne6+
Kf7 53. Ng5+ Kf6 0-1

[Event "4NCL/Div4/BCA vs. SXM"]
[Site "West Bromwich ENG"]
[Date "2004.05.31"]
[Round "9.5"]
[White "Murphy, Richard L"]
[Black "Richardson, Joe"]
[Result "0-1"]
[WhiteElo "1376"]
[BlackElo "1536"]
[PlyCount "72"]
[EventDate "2004.05.31"]

1. e4 e5 2. Nf3 Nc6 3. Bc4 Bc5 4. b4 Bxb4 5. c3 Bc5 6. d4 exd4 7. O-O d6 8.
cxd4 Bb6 9. Nc3 Bg4 10. Bb5 a6 11. Ba4 Ba5 12. Bxc6+ bxc6 13. Qa4 Bxc3 14.
Qxc6+ Bd7 15. Qxc3 Ne7 16. Bb2 Ng6 17. Rfe1 O-O 18. Rad1 Bb5 19. e5 d5 20. Bc1
Bc4 21. Rd2 Qd7 22. Ba3 Rfb8 23. Ng5 Qg4 24. Qg3 Qf5 25. e6 fxe6 26. h3 Nf4 27.
Re5 Qf6 28. Qg4 Rb1+ 29. Kh2 h5 30. Qg3 Bf1 31. Be7 Bxg2 32. Qxg2 Qxe7 33. Qg3
Qf6 34. Qc3 Ng6 35. Qc6 Qf4+ 36. Kg2 Nh4# 0-1

[Event "4NCL/Div4/BCA vs. SXM"]
[Site "West Bromwich ENG"]
[Date "2004.05.31"]
[Round "9.6"]
[White "Fryer, Kieran"]
[Black "Williams, Robin"]
[Result "1/2-1/2"]
[WhiteElo "872"]
[BlackElo "1160"]
[PlyCount "46"]
[EventDate "2004.05.31"]

1. e4 c5 2. Nc3 Nc6 3. g3 g6 4. Bg2 Bg7 5. d3 e6 6. Be3 d6 7. Nge2 Nge7 8. O-O
O-O 9. Qd2 Nd4 10. Rac1 Nxe2+ 11. Qxe2 Rb8 12. Nd1 b5 13. c3 a5 14. a3 Ba6 15.
b4 axb4 16. cxb4 cxb4 17. axb4 Rc8 18. Rxc8 Qxc8 19. f4 f5 20. Bd2 fxe4 21.
dxe4 e5 22. fxe5 Bxe5 23. Rxf8+ Kxf8 1/2-1/2

[Event "4NCL/Div4/CHED vs. OXF1"]
[Site "West Bromwich ENG"]
[Date "2004.05.31"]
[Round "9.1"]
[White "Shaw, Robert"]
[Black "Bilalic, Merim"]
[Result "1/2-1/2"]
[WhiteElo "2319"]
[BlackElo "2290"]
[PlyCount "40"]
[EventDate "2004.05.31"]

1. d4 d5 2. c4 Nc6 3. cxd5 Qxd5 4. e3 e5 5. Nc3 Bb4 6. Bd2 Bxc3 7. bxc3 Nf6 8.
c4 Qd6 9. d5 Nb8 10. Qa4+ Bd7 11. Qc2 Na6 12. Nf3 c6 13. Qb2 cxd5 14. Nxe5 O-O
15. Nxd7 Nxd7 16. cxd5 Nac5 17. Be2 Qxd5 18. O-O Ne5 19. Rfd1 Ned3 20. Qd4 Rfd8
1/2-1/2

[Event "4NCL/Div4/CHED vs. OXF1"]
[Site "West Bromwich ENG"]
[Date "2004.05.31"]
[Round "9.2"]
[White "Ozeren, Kemal"]
[Black "Acey, Gerald"]
[Result "1-0"]
[WhiteElo "2226"]
[BlackElo "2008"]
[PlyCount "117"]
[EventDate "2004.05.31"]

1. d4 Nf6 2. Nf3 g6 3. Nc3 d5 4. Bf4 Bg7 5. e3 O-O 6. Be2 b6 7. Ne5 Bb7 8. h4
Nfd7 9. h5 Nxe5 10. dxe5 c5 11. Bd3 Nd7 12. hxg6 hxg6 13. Qg4 Nxe5 14. Bxe5
Bxe5 15. Bxg6 fxg6 16. Qe6+ Kg7 17. Qxe5+ Rf6 18. O-O-O Qd6 19. Qg5 Rf5 20.
Qh6+ Kf7 21. Qh7+ Ke8 22. Nb5 Qe5 23. Nc7+ Kd7 24. Nxa8 Bxa8 25. Qh8 Qxh8 26.
Rxh8 Bb7 27. Rd2 Ke6 28. Kd1 Rf6 29. Ke2 Ke5 30. f3 Ke6 31. Rd1 Bc6 32. Rdh1
Kf5 33. R1h4 Re6 34. c3 Kf6 35. Rc8 a5 36. Rc7 Kg7 37. Rf4 Be8 38. Kd2 Bf7 39.
e4 dxe4 40. Rxe4 Rd6+ 41. Ke3 Bxa2 42. Rexe7+ Kf6 43. Rcd7 Rc6 44. f4 Be6 45.
Rc7 Rd6 46. Re8 Kf5 47. Rce7 Bc4 48. Re5+ Kf6 49. g4 Rd3+ 50. Ke4 Rd7 51. Rf8+
Kg7 52. Rb8 Rd6 53. g5 Be6 54. Rb7+ Kf8 55. Rxe6 Rxe6+ 56. Kd5 Re2 57. Rxb6 Rf2
58. Rxg6 Rxf4 59. Rf6+ 1-0

[Event "4NCL/Div4/CHED vs. OXF1"]
[Site "West Bromwich ENG"]
[Date "2004.05.31"]
[Round "9.3"]
[White "Edwards, Simon R"]
[Black "Hackett, David G"]
[Result "1/2-1/2"]
[WhiteElo "2042"]
[BlackElo "2170"]
[PlyCount "49"]
[EventDate "2004.05.31"]

1. d4 Nf6 2. Nf3 g6 3. Bg5 Bg7 4. Nbd2 d6 5. e3 h6 6. Bh4 Bf5 7. h3 g5 8. Bg3
Bg6 9. Bd3 O-O 10. Bxg6 fxg6 11. c3 Nbd7 12. Qc2 Qe8 13. e4 Nh5 14. O-O e5 15.
Qb3+ Kh8 16. Qxb7 exd4 17. cxd4 Nxg3 18. fxg3 c5 19. Qd5 cxd4 20. Qxd6 Nb6 21.
Qa3 Qe6 22. Qd3 Rad8 23. b3 Nd7 24. Rac1 Qd6 25. Nc4 1/2-1/2

[Event "4NCL/Div4/CHED vs. OXF1"]
[Site "West Bromwich ENG"]
[Date "2004.05.31"]
[Round "9.4"]
[White "Savage, Ben D"]
[Black "Yu, Yangshi"]
[Result "1-0"]
[WhiteElo "2208"]
[BlackElo "1688"]
[PlyCount "83"]
[EventDate "2004.05.31"]

1. d4 Nf6 2. Bg5 Ne4 3. Bf4 d5 4. e3 e6 5. Bd3 Nf6 6. c4 Bd6 7. Bg5 c6 8. c5
Be7 9. Nc3 Nbd7 10. f4 h6 11. Bh4 a5 12. Nf3 b6 13. cxb6 Qxb6 14. Rb1 Ba6 15.
O-O Bxd3 16. Qxd3 Qa6 17. Qc2 Rc8 18. Ne5 c5 19. Qa4 Rc7 20. f5 Qb6 21. a3 Nh7
22. fxe6 Qxe6 23. Bxe7 Kxe7 24. Rxf7+ Kd8 25. Qxa5 Nb6 26. Rxc7 Kxc7 27. Nb5+
Kd8 28. Nf7+ Qxf7 29. Qxb6+ Ke7 30. Qd6+ Ke8 31. Qb8+ Kd7 32. Qc7+ Ke6 33. Qd6+
Kf5 34. Rf1+ Ke4 35. Rxf7 Nf6 36. Qxc5 Kxe3 37. Re7+ Kf4 38. Re5 Nd7 39. Qc1+
Kg4 40. h3+ Kg3 41. Qe3+ Kh4 42. Qe1# 1-0

[Event "4NCL/Div4/CHED vs. OXF1"]
[Site "West Bromwich ENG"]
[Date "2004.05.31"]
[Round "9.5"]
[White "Yee, John Y"]
[Black "Coleman, James"]
[Result "0-1"]
[WhiteElo "1768"]
[BlackElo "2187"]
[PlyCount "62"]
[EventDate "2004.05.31"]

1. e4 e5 2. f4 Nc6 3. Nf3 f5 4. d3 d6 5. Be2 Nf6 6. Nc3 Be7 7. O-O O-O 8. a3
Kh8 9. exf5 Bxf5 10. Kh1 e4 11. dxe4 Nxe4 12. Nxe4 Bxe4 13. Bd3 Bxd3 14. Qxd3
Qd7 15. Bd2 Qg4 16. Rae1 Bf6 17. c3 Rae8 18. Nd4 Bxd4 19. cxd4 d5 20. h3 Qd7
21. f5 Rxe1 22. Rxe1 Re8 23. Rxe8+ Qxe8 24. b4 Qe4 25. Qxe4 dxe4 26. Bc3 Ne7
27. g4 Nd5 28. Bb2 Nf4 29. Kh2 e3 30. Kg1 e2 31. Bc3 Nd3 0-1

[Event "4NCL/Div4/CHED vs. OXF1"]
[Site "West Bromwich ENG"]
[Date "2004.05.31"]
[Round "9.6"]
[White "Rawlinson, Aidan"]
[Black "Yu, Yangshan"]
[Result "1-0"]
[WhiteElo "2056"]
[BlackElo "1376"]
[PlyCount "61"]
[EventDate "2004.05.31"]

1. e4 e5 2. Nc3 Nf6 3. Bc4 Bc5 4. d3 h6 5. f4 d6 6. Nf3 Nc6 7. Na4 Bb6 8. Nxb6
cxb6 9. O-O Bg4 10. c3 O-O 11. h3 Bd7 12. Be3 Qe7 13. Bb3 Rad8 14. Qd2 Be6 15.
Bc2 exf4 16. Bxf4 Kh7 17. d4 Bc4 18. e5+ Kg8 19. exf6 Qxf6 20. Rfe1 Ne7 21. b3
Be6 22. Rf1 Nd5 23. Bh2 Bf5 24. Ne5 dxe5 25. Rxf5 Qh4 26. Bxe5 Ne7 27. Rf4 Qg5
28. Rg4 Qxd2 29. Rxg7+ Kh8 30. Rh7+ Kg8 31. Rh8# 1-0

[Event "4NCL/Div4/BRJ vs. OXF2"]
[Site "West Bromwich ENG"]
[Date "2004.05.31"]
[Round "9.1"]
[White "Richmond, Peter A"]
[Black "Milovanovics, Aleksander"]
[Result "1-0"]
[WhiteElo "2251"]
[BlackElo "2000"]
[PlyCount "79"]
[EventDate "2004.05.31"]

1. e4 c5 2. Nf3 Nc6 3. d4 cxd4 4. Nxd4 Nf6 5. Nc3 d6 6. Bc4 Bd7 7. Be3 Rc8 8.
Bb3 Ng4 9. Nxc6 bxc6 10. Qf3 Ne5 11. Qg3 h5 12. h3 h4 13. Qh2 c5 14. f4 Ng6 15.
O-O Qa5 16. Bc4 Qb4 17. Ba6 Qxb2 18. Bxc8 Bxc8 19. Bd2 Qxc2 20. Rfd1 e6 21.
Rac1 Qd3 22. f5 exf5 23. Bf4 Qa6 24. Bxd6 Bxd6 25. Rxd6 Qa3 26. Rcd1 O-O 27.
R6d3 c4 28. Rf3 f4 29. Nd5 Qxa2 30. Nxf4 Ne5 31. Rf2 Qb3 32. Rdf1 Bb7 33. Ne6
Re8 34. Qxe5 Rxe6 35. Qb8+ Kh7 36. Rxf7 Qe3+ 37. Kh1 Qxe4 38. Qxb7 Qxb7 39.
Rxb7 a5 40. Rff7 1-0